000 00662nam a2200193Ia 4500
003 GCL
008 140319s9999 xx 000 0 ara d
040 _aGCL /
_cGCL
082 0 4 _a822
_bب ح
100 1 _aبنتر، هارولد
245 1 0 _aالحارس: مسرحية فى ثلاثة فصول /
_cبنتر، هارولد
700 1 _aعبدالحليم البشلاوى
260 _a[S.N] :
_bمكتبة مصر ،
_c1958
300 _a144 ص
490 _aمكتبة الفنون الدرامية
_v0
650 0 4 _aالادب الانجليزى المترجم
650 0 4 _aالمسرحيات الانجليزية المترجمة
942 _2ddc
_cBK
999 _c31362
_d31362